| 000 | 01597nac a22006010a 4500 | ||
|---|---|---|---|
| 001 | PT55275 | ||
| 003 | AR-LpoUNG | ||
| 005 | 20210201005541.0 | ||
| 008 | 201001s2014||||ag |||||||||||||||||spa d | ||
| 020 |
_a9789876283045 _c$28 |
||
| 040 |
_aAR-LpoUNG _bspa _eaacr |
||
| 041 | _aspa | ||
| 044 | _aag | ||
| 082 | 0 | _a982.12 154v5 | |
| 100 | 1 |
_aBarreneche, Osvaldo _edir. |
|
| 245 | 1 | 0 | _aDel primer peronismo a la crisis de 2001 |
| 250 | _a1ra ed. | ||
| 260 |
_aBuenos Aires : _bUNIPE : Edhasa, _c2014. |
||
| 300 |
_a444 p. : _btbls., fot., mapas _a(6 _fVolúmenes) _3Impreso |
||
| 490 | 0 | _aHistoria de la Provincia de Buenos Aires | |
| 650 | 4 | _aANALISIS HISTORICO | |
| 650 | 4 | _aASPECTOS POLITICOS | |
| 650 | 4 | _aASPECTOS SOCIALES | |
| 650 | 4 | _aCAMBIO SOCIAL | |
| 650 | 4 | _aCLASE OBRERA | |
| 650 | 4 | _aCOOPERATIVAS AGRICOLAS | |
| 650 | 4 | _aCRISIS POLITICA | |
| 650 | 4 | _aCRISIS SOCIAL | |
| 650 | 4 | _aDEMOCRACIA | |
| 650 | 4 | _aDEMOCRATIZACION | |
| 650 | 4 | _aECONOMIA | |
| 650 | 4 | _aELECCIONES | |
| 650 | 4 | _aESTADO | |
| 650 | 4 | _aESTRUCTURA AGRARIA | |
| 650 | 4 | _aFACTORES CULTURALES | |
| 650 | 4 | _aFAMILIA | |
| 650 | 4 | _aHISTORIA | |
| 650 | 4 | _aHISTORIA POLITICA | |
| 650 | 4 | _aINDUSTRIA | |
| 650 | 4 | _aPARTICIPACION POLITICA | |
| 650 | 4 | _aPARTIDOS POLITICOS | |
| 650 | 4 | _aPOLITICA AGRARIA | |
| 650 | 4 | _aRECESION ECONOMICA | |
| 650 | 4 | _aSOCIEDAD | |
| 650 | 4 | _aVIOLENCIA | |
| 650 | 4 | _aVOTACION | |
| 651 | 4 | _aArgentina | |
| 653 | _aPERONISMO | ||
| 653 | _aPROVINCIA DE BUENOS AIRES | ||
| 653 | _aTERRORISMO DE ESTADO | ||
| 905 | _a55275 | ||
| 942 | _cLIB | ||
| 999 |
_c50148 _d50148 |
||